[Event "Tournament 14472 - Europe Echecs"]
[Site "Europe Echecs"]
[Date "2020.07.10"]
[Round "4"]
[Time "15:39:52"]
[PlyCount "143"]
[White "StajkovskiStef"]
[Black "LarmetNino"]
[WhiteElo "1428"]
[BlackElo "1818"]
[Mode "WEB"]
[Result "0-1"]

1. d4 d5 2. Bf4 c5 3. e3 Nc6 4. c3 Nf6 5. Nd2 e6 6. Ngf3 cxd4 7. exd4 Nh5 8. Be3
Bd6 9. Bd3 Nf4 10. Bxf4 Bxf4 11. h4 Qf6 12. g3 Bd6 13. Qe2 Bd7 14. Nf1 O-O 15.
Ne3 Qe7 16. Bxh7+ Kxh7 17. Ng5+ Kg6 18. h5+ Kh6 19. f4 f5 20. O-O-O Nd8 21. Rde1
Qf6 22. Reg1 Nf7 23. Nf3 Kh7 24. Ne5 Bxe5 25. dxe5 Qe7 26. g4 fxg4 27. Qxg4 Nh6
28. Qg6+ Kh8 29. Ng4 Be8 30. Qg5 Qxg5 31. fxg5 Nxg4 32. Rxg4 Rf5 33. h6 g6 34.
Re1 Kh7 35. Kd2 Rc8 36. b3 Bb5 37. a4 Bc6 38. b4 a6 39. Rb1 b5 40. a5 Rd8 41.
Re1 Rdf8 42. Kc2 Rf2+ 43. Kb3 R2f4 44. Rg3 R8f5 45. Ree3 Re4 46. Rd3 Rexe5 47.
Rge3 Rxg5 48. Rf3 Rgf5 49. Rh3 Rh5 50. Rhf3 Ref5 51. Rfe3 e5 52. Rf3 e4 53. Rxf5
Rxf5 54. Re3 Kxh6 55. Rh3+ Kg7 56. Kc2 Rf2+ 57. Kb3 Rf3 58. Rh2 e3 59. Re2 Kf6
60. Kc2 Ke5 61. Kd3 g5 62. Rg2 Kf4 63. Kd4 Rf2 64. Rg1 e2 65. Re1 Kf3 66. Kc5
Bd7 67. Kb6 Bc8 68. Kc7 Rf1 69. Rxe2 Kxe2 70. Kxc8 Rf6 71. Kb7 g4 {StajkovskiStef a abandonné} 0-1

[Event "Tournament 14472 - Europe Echecs"]
[Site "Europe Echecs"]
[Date "2020.07.10"]
[Round "4"]
[Time "15:39:52"]
[PlyCount "91"]
[White "CarlierBromber"]
[Black "MartellierChar"]
[WhiteElo "1790"]
[BlackElo "1468"]
[Mode "WEB"]
[Result "1-0"]

1. e4 d5 2. exd5 Nf6 3. Nf3 Bg4 4. c4 c6 5. dxc6 Nxc6 6. Be2 e6 7. h3 Bh5 8. Nc3
Qd7 9. d3 O-O-O 10. Bg5 Bxf3 11. Bxf3 Ne5 12. Be2 Nxd3+ 13. Bxd3 Qxd3 14. Qxd3
Rxd3 15. Rd1 Rxd1+ 16. Kxd1 Be7 17. Ke2 Rd8 18. Rd1 Rxd1 19. Nxd1 Kd7 20. Ne3
Ne4 21. Bxe7 Kxe7 22. f3 Nf6 23. Kd3 Kd6 24. a3 Nd7 25. b4 b6 26. Nc2 Ne5+ 27.
Kc3 f5 28. Nd4 Nc6 29. Nxc6 Kxc6 30. f4 h6 31. h4 Kd6 32. Kd4 a5 33. c5+ bxc5+
34. bxc5+ Kc6 35. a4 Kd7 36. Ke5 Kc6 37. Kxe6 Kxc5 38. Kxf5 Kb4 39. Kg6 Kxa4 40.
Kxg7 Kb4 41. f5 a4 42. f6 a3 43. f7 a2 44. f8=Q+ Kc3 45. Qa8 Kb3 {MartellierChar a abandonné} 1-0

[Event "Tournament 14472 - Europe Echecs"]
[Site "Europe Echecs"]
[Date "2020.07.10"]
[Round "4"]
[Time "15:39:52"]
[PlyCount "64"]
[White "ClemenconEllio"]
[Black "LordierSophia"]
[WhiteElo "1324"]
[BlackElo "1776"]
[Mode "WEB"]
[Result "1-0"]

1. d4 d5 2. Bg5 f6 3. Bh4 e6 4. e3 Bd6 5. Nf3 Ne7 6. c4 c5 7. Nc3 cxd4 8. Nxd4
e5 9. Nf3 Bb4 10. a3 Bxc3+ 11. bxc3 Qa5 12. Qb3 Nbc6 13. Rc1 Be6 14. Be2 dxc4
15. Bxc4 Bxc4 16. Qxc4 Qxa3 17. O-O Rc8 18. Qe6 Nd8 19. Qg4 O-O 20. Rfd1 Ndc6
21. Rb1 Qxc3 22. Rxb7 Ng6 23. Qd7 Nge7 24. Qe6+ Kh8 25. h3 Ng6 26. Rdd7 Nxh4 27.
Nxh4 Rg8 28. Nf5 Qc1+ 29. Kh2 h6 30. Nxh6 Kh7 31. Qxf6 Qc3 32. Rxg7+ {LordierSophia a abandonné} 1-0

[Event "Tournament 14472 - Europe Echecs"]
[Site "Europe Echecs"]
[Date "2020.07.10"]
[Round "4"]
[Time "15:39:52"]
[PlyCount "73"]
[White "SansoneAdam"]
[Black "GalhaudVictor"]
[WhiteElo "1776"]
[BlackElo "1446"]
[Mode "WEB"]
[Result "0-1"]

1. e4 Nc6 2. d4 d5 3. e5 Bf5 4. g4 Be4 5. f3 Bg6 6. Bd3 e6 7. h4 Be7 8. h5 Bh4+
9. Kf1 Bxd3+ 10. Qxd3 Bg5 11. f4 Be7 12. a3 Nh6 13. g5 Nf5 14. Ne2 h6 15. g6 f6
16. Nd2 Qd7 17. Rh2 Rf8 18. Nf3 fxe5 19. Nxe5 Nxe5 20. dxe5 c5 21. b3 Qc6 22. c4
d4 23. Bd2 Nh4 24. Kf2 Nf5 25. b4 b6 26. b5 Qb7 27. a4 Rd8 28. a5 Bh4+ 29. Kg1
Be7 30. axb6 axb6 31. Qa3 Nh4 32. Rf2 d3 33. Nc1 Nf3+ 34. Kf1 Nxd2+ 35. Rxd2
Rxf4+ 36. Rf2 Qh1# {SansoneAdam est échec et mat} 0-1

[Event "Tournament 14472 - Europe Echecs"]
[Site "Europe Echecs"]
[Date "2020.07.10"]
[Round "4"]
[Time "15:39:52"]
[PlyCount "99"]
[White "PigourierAdrie"]
[Black "FloresVictor"]
[WhiteElo "1260"]
[BlackElo "1741"]
[Mode "WEB"]
[Result "0-1"]

1. e4 c5 2. Nf3 g6 3. d4 cxd4 4. Nxd4 Nc6 5. Be3 Nf6 6. Nc3 Bg7 7. Be2 O-O 8.
O-O d5 9. Bf3 dxe4 10. Nxe4 Nxe4 11. Nxc6 bxc6 12. Bxe4 Ba6 13. Re1 Bxb2 14. Rb1
Bc3 15. Qxd8 Rfxd8 16. Red1 Bb5 17. Bf3 e5 18. g3 f6 19. Bg2 Bd4 20. Bxd4 exd4
21. Rxb5 cxb5 22. Bxa8 Rxa8 23. Rxd4 Rc8 24. Rd2 Rc3 25. Rd8+ Kg7 26. Rd7+ Kh6
27. Rxa7 Rxc2 28. Ra5 Rb2 29. Kg2 Kg5 30. h3 f5 31. Kf1 Kf6 32. Kg2 Ke6 33. Ra6+
Kd5 34. Ra7 b4 35. Ra4 Kc5 36. a3 b3 37. Rb4 g5 38. Kf3 h5 39. h4 g4+ 40. Kg2
Rb1 41. Kh2 b2 42. Kg2 Kd5 43. Rb5+ Kc4 44. Rb4+ Kc3 45. Rb5 Ra1 46. Rc5+ Kd4
47. Rxf5 b1=Q 48. Rf4+ Ke5 49. a4 Qh1# {PigourierAdrie est échec et mat} 0-1

[Event "Tournament 14472 - Europe Echecs"]
[Site "Europe Echecs"]
[Date "2020.07.10"]
[Round "4"]
[Time "15:39:52"]
[PlyCount "153"]
[White "GavilaQuentin"]
[Black "LonckeMatthieu"]
[WhiteElo "1199"]
[BlackElo "1726"]
[Mode "WEB"]
[Result "0-1"]

1. e4 c6 2. Nf3 d5 3. Nc3 Bg4 4. h3 Bxf3 5. Qxf3 e6 6. exd5 exd5 7. Be2 Nf6 8.
O-O Bd6 9. Re1 O-O 10. d3 Nbd7 11. Bg5 Re8 12. d4 Qb6 13. Bd3 Qxd4 14. Rad1 Qb6
15. b3 h6 16. Be3 Qc7 17. Ne2 Ne5 18. Qf5 Nxd3 19. Qxd3 Ne4 20. Nd4 Nc5 21. Qc3
Ne6 22. Nf5 Be5 23. Qd3 Bf6 24. g3 Ng5 25. Bf4 Nxh3+ 26. Kg2 Nxf4+ 27. gxf4 Qxf4
28. Rg1 Qe4+ 29. Qxe4 Rxe4 30. Kf1 Kh7 31. Nd6 Re7 32. Nf5 Re6 33. Rd3 Rae8 34.
Rg4 g6 35. Ne3 h5 36. Rg3 Bd8 37. Rh3 Kg7 38. Rg3 Kf8 39. Ng2 Bc7 40. Rgf3 Kg7
41. Ne3 Bb6 42. Ng2 d4 43. Rg3 Kf8 44. Nf4 Re1+ 45. Kg2 R1e4 46. Nh3 Rg4 47.
Rxg4 hxg4 48. Ng5 Kg7 49. Kg3 f5 50. f3 gxf3 51. Nxf3 Re3 52. Kf2 Rxd3 53. cxd3
Kf6 54. Nd2 g5 55. Nc4 Bc7 56. Nd2 g4 57. Nf1 Kg5 58. Nd2 Bf4 59. Nf1 Kh4 60.
Kg2 c5 61. a4 a6 62. Nh2 Bxh2 63. Kxh2 f4 64. Kg2 g3 65. Kf3 Kh3 66. Kxf4 g2 67.
Ke4 g1=Q 68. Kd5 Qd1 69. Kxc5 Qxd3 70. b4 Qa3 71. a5 d3 72. Kb6 Qxb4+ 73. Kc7
Qxa5+ 74. Kxb7 Qb5+ 75. Kc7 Kg4 76. Kd6 Kf5 {GavilaQuentin a abandonné} 0-1

[Event "Tournament 14472 - Europe Echecs"]
[Site "Europe Echecs"]
[Date "2020.07.10"]
[Round "4"]
[Time "15:39:52"]
[PlyCount "42"]
[White "SureauCorentin"]
[Black "JamaliElias"]
[WhiteElo "1686"]
[BlackElo "1434"]
[Mode "WEB"]
[Result "1-0"]

1. e4 d5 2. exd5 Qxd5 3. Nc3 Qa5 4. d4 Nf6 5. Nf3 Nc6 6. Bc4 Bg4 7. d5 O-O-O 8.
h3 Bh5 9. g4 Bg6 10. Bf4 e6 11. O-O exd5 12. Bb5 h5 13. g5 Ne4 14. Bxc6 bxc6 15.
Qe2 h4 16. Ne5 Nxc3 17. bxc3 Qxc3 18. Qa6+ Kb8 19. Rab1+ Bb4 20. Nxc6+ Ka8 21.
Qxa7# {JamaliElias est échec et mat} 1-0

[Event "Tournament 14472 - Europe Echecs"]
[Site "Europe Echecs"]
[Date "2020.07.10"]
[Round "4"]
[Time "15:39:52"]
[PlyCount "121"]
[White "LeonardyBatist"]
[Black "DintronoNoe"]
[WhiteElo "1177"]
[BlackElo "1685"]
[Mode "WEB"]
[Result "0-1"]

1. e4 Nc6 2. d4 e5 3. d5 Nce7 4. Nf3 d6 5. Be2 f5 6. exf5 Bxf5 7. Nh4 Qd7 8.
Nxf5 Qxf5 9. Nc3 Nf6 10. Nb5 Qd7 11. c4 a6 12. Nc3 g6 13. Bg5 Bg7 14. O-O O-O
15. Qd2 Nf5 16. Bd3 Nd4 17. Ne2 Nxe2+ 18. Qxe2 Rae8 19. Rae1 Rf7 20. f3 Ref8 21.
b4 Nh5 22. g3 Qa4 23. Rb1 b6 24. Rf2 Qd7 25. Be3 Qh3 26. Qf1 Qxf1+ 27. Rbxf1 Nf6
28. Be4 Ra8 29. c5 bxc5 30. bxc5 Rb8 31. cxd6 cxd6 32. Rc1 Nxe4 33. fxe4 Rxf2
34. Bxf2 Rb4 35. Re1 Rb2 36. a3 Ra2 37. Re3 Bh6 38. Rc3 Bd2 39. Rc6 Bb4 40. axb4
Ra4 41. Be1 a5 42. bxa5 Rxe4 43. Rxd6 Rxe1+ 44. Kf2 Ra1 45. a6 Kf7 46. Re6 Ra5
47. Rxe5 Rxa6 48. Re4 Ra2+ 49. Re2 Ra5 50. Rd2 Ke7 51. Ke3 Kd6 52. Ke4 Ra4+ 53.
Rd4 Ra1 54. h4 Re1+ 55. Kf3 Ke5 56. Rd3 Kd6 57. Kg4 Re5 58. Rd4 h6 59. Kf4 Rxd5
60. Rxd5+ Kxd5 {LeonardyBatist a perdu au temps} 0-1

[Event "Tournament 14472 - Europe Echecs"]
[Site "Europe Echecs"]
[Date "2020.07.10"]
[Round "4"]
[Time "15:39:52"]
[PlyCount "106"]
[White "BretonVadim"]
[Black "DevezeArmand"]
[WhiteElo "1669"]
[BlackElo "1425"]
[Mode "WEB"]
[Result "1-0"]

1. e4 d5 2. exd5 Qxd5 3. Nc3 Qa5 4. Nf3 Bg4 5. Be2 Nf6 6. d4 Nbd7 7. Bd2 c6 8.
O-O e6 9. a3 O-O-O 10. b4 Qc7 11. b5 c5 12. a4 Bxf3 13. Bxf3 cxd4 14. Ne2 Bc5
15. a5 h5 16. b6 axb6 17. a6 bxa6 18. Rxa6 Nb8 19. Ra8 Ng4 20. Bf4 e5 21. Bg3 f5
22. Qa1 h4 23. Ra7 hxg3 24. Rxc7+ Kxc7 25. Qa7+ Kd6 26. Nxg3 Nxh2 27. Nxf5+ Ke6
28. Nxg7+ Kf6 29. Nh5+ Ke6 30. Kxh2 Rd7 31. Bg4+ Ke7 32. Bxd7 Nxd7 33. g4 Kd6
34. Kg3 e4 35. Rd1 Ke7 36. Qb7 Bd6+ 37. Nf4 Rb8 38. Qxe4+ Kd8 39. Qxd4 Bxf4+ 40.
Qxf4 Kc8 41. Qf5 Rb7 42. Qd5 Rc7 43. Qa8+ Nb8 44. Rb1 Rc3+ 45. Kf4 Rc4+ 46. Ke3
Rc3+ 47. Kd2 Rc6 48. Qa4 Rd6+ 49. Ke3 Re6+ 50. Kf4 Nd7 51. Kf5 Rf6+ 52. Kg5 Rc6
53. Qxc6+ {DevezeArmand a abandonné} 1-0

[Event "Tournament 14472 - Europe Echecs"]
[Site "Europe Echecs"]
[Date "2020.07.10"]
[Round "4"]
[Time "15:39:52"]
[PlyCount "94"]
[White "AtliCeline"]
[Black "TallecNolann"]
[WhiteElo "1640"]
[BlackElo "1400"]
[Mode "WEB"]
[Result "1-0"]

1. d4 d5 2. Nf3 Nf6 3. g3 Bf5 4. Bg2 c6 5. O-O e6 6. b3 Be7 7. c4 O-O 8. Bb2 a5
9. Nc3 h6 10. Ne5 Nbd7 11. Re1 Re8 12. Nd3 Bf8 13. f4 Rb8 14. Nf2 c5 15. dxc5
Nxc5 16. cxd5 exd5 17. Nb5 Nce4 18. Nd3 Qb6+ 19. Nd4 Rbd8 20. e3 Bh7 21. Ne5 Rc8
22. Rc1 Bb4 23. Re2 Bc3 24. Nd3 Bxb2 25. Rxb2 Nc3 26. Qd2 Nfe4 27. Bxe4 Nxe4 28.
Rxc8 Rxc8 29. Qe2 Bg6 30. Ne5 Rc1+ 31. Kg2 Kh7 32. Nxg6 Qxg6 33. Nf3 Nc3 34. Qd2
Qf6 35. Qxc1 Ne4 36. Qc2 g6 37. Nd4 h5 38. Qe2 Qe7 39. Rc2 Qd7 40. Qb5 Qe7 41.
Qxa5 Nf6 42. Qc7 Qxe3 43. Qxf7+ Kh6 44. Qf8+ Kh7 45. Rc7+ Nd7 46. Rxd7+ Qe7 47.
Rxe7# {TallecNolann est échec et mat} 1-0

[Event "Tournament 14472 - Europe Echecs"]
[Site "Europe Echecs"]
[Date "2020.07.10"]
[Round "4"]
[Time "15:39:52"]
[PlyCount "51"]
[White "BorissovVictor"]
[Black "TuillierValent"]
[WhiteElo "1162"]
[BlackElo "1607"]
[Mode "WEB"]
[Result "1/2-1/2"]

1. e4 c5 2. Nf3 Nc6 3. Bb5 g6 4. O-O Bg7 5. Bxc6 dxc6 6. h3 e6 7. d3 b6 8. c4
Ne7 9. Nc3 O-O 10. Be3 Bb7 11. Qd2 Qd7 12. Rad1 Rad8 13. Bh6 b5 14. Bxg7 Kxg7
15. b3 a6 16. Qf4 Qd6 17. e5 Qd7 18. Qf6+ Kg8 19. Ne4 Nf5 20. g4 Nd4 21. Nxd4
Qxd4 22. Qg5 Kg7 23. Qf6+ Kg8 24. Qg5 Kg7 25. Qf6+ Kg8 {Nulle par répétition} 1/2-1/2

[Event "Tournament 14472 - Europe Echecs"]
[Site "Europe Echecs"]
[Date "2020.07.10"]
[Round "4"]
[Time "15:39:52"]
[PlyCount "117"]
[White "RobichonPierre"]
[Black "DelmasRaphael"]
[WhiteElo "1573"]
[BlackElo "1325"]
[Mode "WEB"]
[Result "0-1"]

1. d4 d5 2. c4 dxc4 3. e3 e6 4. Bxc4 a6 5. a4 Nf6 6. Nc3 c5 7. Nf3 cxd4 8. Nxd4
Be7 9. O-O O-O 10. Qb3 Qc7 11. a5 Nc6 12. Nxc6 Qxc6 13. Na4 Bd7 14. Nb6 Rad8 15.
Be2 Bc5 16. Bf3 Qc7 17. Nxd7 Rxd7 18. Ra4 Rfd8 19. Qc2 Bd6 20. Qxc7 Rxc7 21. Rd4
e5 22. Rd2 Rcd7 23. Rfd1 e4 24. Be2 Bb4 25. Rxd7 Rxd7 26. Rxd7 Nxd7 27. Bg4 Nc5
28. b3 Nd3 29. Bc8 Nxc1 30. Bxb7 Bxa5 31. Bxe4 Nxb3 32. Bd3 Nc5 33. Bc4 Bb4 34.
Kf1 a5 35. Ke2 Kf8 36. Kd1 Ke7 37. Kc2 f5 38. Kb2 Kd6 39. Bg8 h6 40. Bh7 Ke5 41.
Kc2 a4 42. Kb2 Nd3+ 43. Kc2 Nxf2 44. h3 g5 45. Bg8 g4 46. hxg4 Nxg4 47. Kd3 a3
48. Kc4 Bd6 49. Kd3 Bc5 50. e4 fxe4+ 51. Ke2 Kf4 52. Kf1 Kg3 53. Bd5 Ne3+ 54.
Ke2 Nxd5 55. Kf1 a2 56. Ke2 a1=Q 57. Kd2 Bb4+ 58. Ke2 Qe1# {RobichonPierre est échec et mat} 0-1

[Event "Tournament 14472 - Europe Echecs"]
[Site "Europe Echecs"]
[Date "2020.07.10"]
[Round "4"]
[Time "15:39:52"]
[PlyCount "49"]
[White "ChareyreSylvai"]
[Black "BietteAntonin"]
[WhiteElo "1081"]
[BlackElo "1569"]
[Mode "WEB"]
[Result "0-1"]

1. e4 e5 2. Nf3 Nc6 3. Bc4 Bc5 4. c3 Nf6 5. d4 exd4 6. cxd4 Bb4+ 7. Nc3 O-O 8.
e5 Ne4 9. O-O Nxc3 10. bxc3 Bxc3 11. Rb1 d5 12. Bb3 Bg4 13. h3 Bf5 14. Bc2 Bxc2
15. Qxc2 Bxd4 16. Nxd4 Nxd4 17. Qd3 Nc6 18. Re1 b6 19. Bb2 Ne7 20. Rbd1 c5 21.
Qg3 d4 22. Qf4 Ng6 23. Qf5 Qd5 24. Qb1 Rfe8 {ChareyreSylvai a abandonné} 0-1

[Event "Tournament 14472 - Europe Echecs"]
[Site "Europe Echecs"]
[Date "2020.07.10"]
[Round "4"]
[Time "15:39:52"]
[PlyCount "72"]
[White "DosSantosLilia"]
[Black "HeauMaxime"]
[WhiteElo "1527"]
[BlackElo "1315"]
[Mode "WEB"]
[Result "1-0"]

1. e4 e5 2. Nf3 Nc6 3. Bc4 Be7 4. Nc3 Nf6 5. d3 d6 6. h3 Na5 7. Bb3 Nxb3 8. axb3
O-O 9. Be3 Nd7 10. O-O c5 11. Nd5 Nb6 12. Nxe7+ Qxe7 13. Nd2 f5 14. f3 f4 15.
Bf2 Qg5 16. Kh2 Rf6 17. b4 Nd7 18. bxc5 Nxc5 19. b4 Ne6 20. Nc4 Nd4 21. Nb6 Rb8
22. Nxc8 Rxc8 23. Bxd4 Qg3+ 24. Kh1 exd4 25. Rxa7 g5 26. Qe2 h5 27. Qf2 g4 28.
fxg4 Qxf2 29. Rxf2 hxg4 30. hxg4 b5 31. Rb7 Ra8 32. Rf1 Ra2 33. Rc1 f3 34. gxf3
Rxf3 35. Kg2 Re3 36. Kf2 {HeauMaxime a perdu au temps} 1-0

[Event "Tournament 14472 - Europe Echecs"]
[Site "Europe Echecs"]
[Date "2020.07.10"]
[Round "4"]
[Time "15:39:52"]
[PlyCount "44"]
[White "ValleeLouis"]
[Black "BrunThomas"]
[WhiteElo "1864"]
[BlackElo "1511"]
[Mode "WEB"]
[Result "1-0"]

1. d4 Nf6 2. c4 e6 3. a3 c5 4. e3 Be7 5. dxc5 Bxc5 6. b4 Be7 7. Nc3 O-O 8. Nf3
b6 9. Bd3 Bb7 10. O-O d5 11. Bb2 dxc4 12. Bxc4 a6 13. Qe2 Nbd7 14. Rfd1 Rc8 15.
Bxa6 Bxa6 16. Qxa6 Qc7 17. Rac1 Ra8 18. Nd5 Nxd5 19. Qxa8 Qxh2+ 20. Kxh2 Rxa8
21. e4 Bd6+ 22. g3 {BrunThomas a abandonné} 1-0

[Event "Tournament 14472 - Europe Echecs"]
[Site "Europe Echecs"]
[Date "2020.07.10"]
[Round "4"]
[Time "15:39:52"]
[PlyCount "122"]
[White "TomasMaureen"]
[Black "RazeMorvan"]
[WhiteElo "1468"]
[BlackElo "1326"]
[Mode "WEB"]
[Result "1/2-1/2"]

1. c4 e5 2. Nc3 g6 3. g3 Bg7 4. Bg2 Nf6 5. e3 O-O 6. Nge2 Nc6 7. O-O d6 8. d4
exd4 9. exd4 Rb8 10. b3 Qd7 11. Re1 b6 12. d5 Ne7 13. Bb2 Re8 14. Nf4 Bb7 15.
Rb1 a6 16. Ne4 Nxe4 17. Rxe4 b5 18. Bxg7 Kxg7 19. Qe2 Bc8 20. Re1 bxc4 21. Rxe7
Rxe7 22. Qxe7 Qxe7 23. Rxe7 cxb3 24. axb3 Rxb3 25. Rxc7 Bf5 26. Bh3 Bxh3 27.
Nxh3 a5 28. Ra7 Ra3 29. Kg2 Ra1 30. Nf4 a4 31. Nd3 Rd1 32. Nf4 Ra1 33. Nd3 Rd1
34. Nb2 Rxd5 35. Nxa4 Rd1 36. Rd7 Kf6 37. Nc3 Rd3 38. Nb5 Ke6 39. Rd8 Ke7 40.
Ra8 d5 41. Ra7+ Ke6 42. Nc7+ Kf6 43. Ra5 d4 44. Rd5 Rd1 45. Nb5 d3 46. Nc3 Rd2
47. Ne4+ Ke6 48. Nxd2 Kxd5 49. Kf3 Kd4 50. h4 h5 51. Ne4 f5 52. Nd2 Kc3 53. Ke3
Kc2 54. Nc4 Kc3 55. Nd2 Kc2 56. f3 Kc3 57. f4 Kc2 58. Nf3 Kc3 59. Nd2 Kc2 60.
Nf3 Kc3 61. Nd2 {Nulle par répétition} 1/2-1/2

[Event "Tournament 14472 - Europe Echecs"]
[Site "Europe Echecs"]
[Date "2020.07.10"]
[Round "4"]
[Time "15:39:52"]
[PlyCount "90"]
[White "HasslerTim"]
[Black "CatherinotMarg"]
[WhiteElo "1933"]
[BlackElo "1327"]
[Mode "WEB"]
[Result "1-0"]

1. e4 Nf6 2. Nc3 d5 3. e5 d4 4. exf6 dxc3 5. bxc3 exf6 6. d4 Bd6 7. h3 Bf5 8.
Nf3 O-O 9. Be2 Re8 10. O-O Nd7 11. Nh4 Be6 12. Bd3 c5 13. Ba3 Qa5 14. Bb2 b5 15.
Qf3 Qb6 16. d5 Ne5 17. Qe4 f5 18. Nxf5 Bxf5 19. Qxf5 g6 20. Qg5 Nxd3 21. cxd3
Re2 22. Rab1 Rae8 23. c4 bxc4 24. Bf6 Qc7 25. dxc4 R2e4 26. Rfc1 Bf4 27. d6 Qxd6
28. Qd5 Qxd5 29. cxd5 Bxc1 30. Rxc1 Rf4 31. Bg5 Rf5 32. Be3 Rxd5 33. Rc4 Rc8 34.
Kf1 a6 35. Ke2 a5 36. a4 f6 37. Kf3 g5 38. Ke4 Re5+ 39. Kd3 Rd5+ 40. Kc3 h6 41.
g3 f5 42. h4 gxh4 43. gxh4 Kg7 44. Kc2 Kg6 45. Kc3 {CatherinotMarg a perdu au temps} 1-0

[Event "Tournament 14472 - Europe Echecs"]
[Site "Europe Echecs"]
[Date "2020.07.10"]
[Round "4"]
[Time "15:39:52"]
[PlyCount "72"]
[White "KuhnMathilde"]
[Black "MigoliRomain"]
[WhiteElo "1764"]
[BlackElo "1201"]
[Mode "WEB"]
[Result "1-0"]

1. e4 e5 2. Nf3 Nc6 3. d4 exd4 4. Bc4 Bc5 5. c3 dxc3 6. Bxf7+ Kxf7 7. Qd5+ Ke8
8. Qh5+ g6 9. Qxc5 d6 10. Qxc3 Bg4 11. Qxh8 Kd7 12. Qxh7+ Kc8 13. Qxg6 Bxf3 14.
gxf3 Nge7 15. Qe6+ Kb8 16. Bg5 Nd4 17. Bxe7 Nxe6 18. Bxd8 Nxd8 19. Nc3 Kc8 20.
h4 Kd7 21. h5 Ne6 22. h6 Ng5 23. f4 Nf3+ 24. Ke2 Nd4+ 25. Kd3 Nf3 26. h7 Rh8 27.
Ke3 Ng5 28. fxg5 Ke6 29. g6 Kf6 30. Rag1 Kg7 31. Rh5 c6 32. Rf5 b5 33. Rf7+ Kh6
34. g7 Rxh7 35. g8=Q Rxf7 36. Qg6# {MigoliRomain est échec et mat} 1-0

[Event "Tournament 14472 - Europe Echecs"]
[Site "Europe Echecs"]
[Date "2020.07.10"]
[Round "4"]
[Time "15:39:52"]
[PlyCount "80"]
[White "YaylaEmre"]
[Black "VerhilleGabin"]
[WhiteElo "1336"]
[BlackElo "1660"]
[Mode "WEB"]
[Result "0-1"]

1. e4 c5 2. Bc4 e6 3. Nc3 Nc6 4. d3 g6 5. Nf3 Bg7 6. O-O Nge7 7. Bg5 h6 8. Be3
d5 9. exd5 exd5 10. Bb5 d4 11. Bxc6+ Nxc6 12. Nb5 dxe3 13. fxe3 O-O 14. Qe2 Bxb2
15. Rab1 Bg7 16. c4 Re8 17. e4 Nd4 18. Nbxd4 cxd4 19. Rfe1 Qc7 20. Qf2 Rd8 21.
Rb2 Be6 22. Rbe2 a6 23. e5 b5 24. cxb5 axb5 25. Nxd4 Qc5 26. Re4 Bd5 27. Rf4 g5
28. Rg4 Rxa2 29. Qe3 Be6 30. Re4 Ra4 31. Rc1 Qa7 32. Nxe6 Qxe3+ 33. Rxe3 fxe6
34. Rf3 Bxe5 35. Re1 Bd4+ 36. Kf1 e5 37. g4 Rf8 38. Rxf8+ Kxf8 39. Kg2 Ra2+ 40.
Kg3 {YaylaEmre a abandonné} 0-1

[Event "Tournament 14472 - Europe Echecs"]
[Site "Europe Echecs"]
[Date "2020.07.10"]
[Round "4"]
[Time "15:39:52"]
[PlyCount "129"]
[White "ElsadigBashirH"]
[Black "GrimaultLeane"]
[WhiteElo "1298"]
[BlackElo "1622"]
[Mode "WEB"]
[Result "0-1"]

1. d4 d5 2. Bf4 Nf6 3. e3 e6 4. Nf3 c5 5. Nc3 Nc6 6. Nb5 e5 7. dxe5 Ne4 8. Nd6+
Bxd6 9. Qxd5 Qa5+ 10. c3 Nxc3 11. Qd2 Ne4 12. Qxa5 Nxa5 13. exd6 Bd7 14. Bd3 Nf6
15. e4 O-O 16. O-O-O Rfe8 17. e5 Nd5 18. Bd2 Nc6 19. Bc4 Nb6 20. Bb5 Nxe5 21.
Bxd7 Nbxd7 22. Nxe5 Nxe5 23. Bf4 c4 24. Bxe5 Rxe5 25. Rhe1 Rxe1 26. Rxe1 Kf8 27.
Kc2 Rd8 28. Rd1 Ke8 29. Re1+ Kf8 30. Rd1 f6 31. Kc3 b5 32. Rd5 a5 33. Rxb5 Rxd6
34. Rxa5 Rc6 35. Ra4 Re6 36. Rxc4 Re2 37. Rf4 Ke7 38. a4 Kd6 39. b4 Kc7 40. Kc4
Rc2+ 41. Kb5 Ra2 42. a5 Kb7 43. Rg4 g6 44. Rf4 f5 45. g4 fxg4 46. Rf7+ Kb8 47.
Kb6 Kc8 48. Rxh7 Rxf2 49. b5 Rf6+ 50. Kc5 Rf5+ 51. Kc4 Rf4+ 52. Kd5 Rf5+ 53. Kc6
Rf6+ 54. Kc5 Rf5+ 55. Kd4 Rxb5 56. Kc4 Rxa5 57. Rf7 Rh5 58. Rf2 Kd7 59. Kd4 Ke6
60. Ke3 Rf5 61. Rxf5 gxf5 62. Kf4 Kf6 63. Kg3 Kg5 64. h4+ Kh5 {ElsadigBashirH a abandonné} 0-1

[Event "Tournament 14472 - Europe Echecs"]
[Site "Europe Echecs"]
[Date "2020.07.10"]
[Round "4"]
[Time "15:39:52"]
[PlyCount "104"]
[White "LaposteNicolas"]
[Black "CheminadePauli"]
[WhiteElo "1616"]
[BlackElo "1306"]
[Mode "WEB"]
[Result "1-0"]

1. e4 e5 2. Nf3 Nc6 3. Bc4 Bc5 4. Nc3 Nf6 5. d3 d6 6. Bg5 h6 7. Bh4 g5 8. Bg3
Na5 9. Bb3 Nxb3 10. axb3 a6 11. h3 Be6 12. d4 exd4 13. Nxd4 Bd7 14. O-O g4 15.
Re1 Qe7 16. e5 Nh5 17. exd6 cxd6 18. Rxe7+ Kxe7 19. hxg4 Nxg3 20. fxg3 Rhg8 21.
Kh2 Rxg4 22. Nde2 Rag8 23. Qd2 Bf2 24. Qd3 R8g5 25. Nf4 Bxg3+ 26. Kg1 Bxf4 27.
Re1+ Kf8 28. Qf3 Bc6 29. Ne4 Bxe4 30. Rxe4 Rxg2+ 31. Qxg2 Rxg2+ 32. Kxg2 Be5 33.
c3 Kg7 34. Kf3 Kg6 35. Kg4 h5+ 36. Kh3 Kg5 37. Rc4 f5 38. Rc7 f4 39. Rxb7 f3 40.
Ra7 h4 41. Rxa6 Bg3 42. Ra8 f2 43. Rf8 Kg6 44. Kg2 Kg5 45. b4 Kg4 46. Rg8+ Kf5
47. b5 Ke6 48. b6 Kd7 49. b7 Ke6 50. b8=Q d5 51. Rxg3 hxg3 52. Qxg3 {CheminadePauli a abandonné} 1-0

[Event "Tournament 14472 - Europe Echecs"]
[Site "Europe Echecs"]
[Date "2020.07.10"]
[Round "4"]
[Time "15:39:52"]
[PlyCount "72"]
[White "ChardonHeremoa"]
[Black "SzubertEmma"]
[WhiteElo "1600"]
[BlackElo "1232"]
[Mode "WEB"]
[Result "1-0"]

1. e4 e5 2. Nf3 Nc6 3. Bc4 Bc5 4. d3 h6 5. Nc3 Nf6 6. Be3 Bb4 7. O-O d6 8. Ne2
Bg4 9. Ng3 Bc5 10. h3 Bxe3 11. fxe3 Bh5 12. Nxh5 Nxh5 13. Nd4 exd4 14. Qxh5 O-O
15. Bxf7+ Kh8 16. exd4 Nxd4 17. Bb3 Nxb3 18. axb3 Qe7 19. Rxf8+ Qxf8 20. Rf1 Qe7
21. Rf7 Qe8 22. Qg6 Qg8 23. Rxc7 Qf8 24. Qf7 b6 25. Qxf8+ Rxf8 26. Rxa7 Rc8 27.
c3 Rc5 28. Rd7 Rb5 29. b4 Kh7 30. Rxd6 Kg8 31. Kf2 Kf7 32. Ke3 Ke7 33. Rd5 Rxd5
34. exd5 Kd6 35. Ke4 g6 36. c4 {SzubertEmma a abandonné} 1-0

[Event "Tournament 14472 - Europe Echecs"]
[Site "Europe Echecs"]
[Date "2020.07.10"]
[Round "4"]
[Time "15:39:52"]
[PlyCount "60"]
[White "GrallKaelan"]
[Black "EkandeEthan"]
[WhiteElo "1577"]
[BlackElo "1200"]
[Mode "WEB"]
[Result "1-0"]

1. d4 d5 2. Bf4 Nc6 3. e3 a6 4. c4 e6 5. Nc3 Nf6 6. Nf3 g6 7. Bd3 Bg7 8. Be2 O-O
9. O-O b6 10. Ne5 Ne7 11. cxd5 exd5 12. Bf3 c6 13. Qb3 b5 14. Rac1 a5 15. Ne2 a4
16. Qc2 Ra6 17. e4 dxe4 18. Bxe4 Bb7 19. Qd3 Nh5 20. Be3 f5 21. Bf3 Nf6 22. Qd2
Ne8 23. Bh6 Bxe5 24. dxe5 Qxd2 25. Bxd2 Nc7 26. Rfd1 Ne6 27. Bb4 Re8 28. Rd7 Bc8
29. Rxe7 Rd8 30. h3 {EkandeEthan a perdu au temps} 1-0

[Event "Tournament 14472 - Europe Echecs"]
[Site "Europe Echecs"]
[Date "2020.07.10"]
[Round "4"]
[Time "15:39:52"]
[PlyCount "64"]
[White "CourcelleVicto"]
[Black "RavenelTangi"]
[WhiteElo "1314"]
[BlackElo "1463"]
[Mode "WEB"]
[Result "1-0"]

1. c4 c5 2. Nc3 Nc6 3. Nf3 g6 4. e3 Bg7 5. Be2 Nf6 6. O-O O-O 7. Re1 Rb8 8. d4
cxd4 9. exd4 d5 10. cxd5 Nxd5 11. Bc4 Nb6 12. Bb5 Bg4 13. Be2 Qc7 14. d5 Nb4 15.
Nb5 Qc2 16. a3 Qxd1 17. Rxd1 N4xd5 18. Nxa7 e5 19. h3 Bxf3 20. Bxf3 Nf4 21. Bxf4
exf4 22. Rab1 Nc4 23. Rd7 b6 24. Nc6 Rbc8 25. Ne7+ Kh8 26. Nxc8 Rxc8 27. Rc1
Bxb2 28. Rc2 Bxa3 29. Bd5 b5 30. Rb7 Nd6 31. Rxc8+ Nxc8 32. Rb8 {RavenelTangi a perdu au temps} 1-0

[Event "Tournament 14472 - Europe Echecs"]
[Site "Europe Echecs"]
[Date "2020.07.10"]
[Round "4"]
[Time "15:39:52"]
[PlyCount "66"]
[White "BaderPaul"]
[Black "FonluptEsteban"]
[WhiteElo "1243"]
[BlackElo "1436"]
[Mode "WEB"]
[Result "1-0"]

1. e4 b6 2. Bc4 Bb7 3. d3 d5 4. exd5 Nf6 5. Nc3 Nbd7 6. Nf3 a6 7. d6 exd6 8. Ng5
Ne5 9. Bb3 Be7 10. d4 Nc6 11. Nxf7 Qd7 12. Nxh8 O-O-O 13. Nf7 Na5 14. Nxd8 Bxd8
15. O-O Qc6 16. d5 Qd7 17. Bg5 Nxd5 18. Bxd8 Nxc3 19. bxc3 Qxd8 20. Re1 Qg5 21.
f3 h5 22. Be6+ Kb8 23. Bh3 Nc4 24. Qd4 b5 25. Re8+ Bc8 26. Rxc8+ Kb7 27. Qe4+ d5
28. Qe8 Nd6 29. Rb8+ Ka7 30. Ra8+ Kb6 31. Qb8+ Kc6 32. Rxa6+ Kc5 33. Qxc7# {FonluptEsteban est échec et mat} 1-0